Nationalité des joueurs de la NHL - Statistiques

Statistiques générales
  • Ce quiz a été pris 127 fois
  • Le résultat moyen est 9 sur 15
Statistiques - réponses
Joueur Nationalité % Correct
Jake Evans Canada
79%
Gustav Forsling Suède
76%
Moritz Seider Allemagne
68%
Simon Nemec Slovaquie
67%
Kirill Marchenko Russie
66%
Esa Lindell Finlande
65%
JJ Peterka Allemagne
63%
Anze Kopitar Slovénie
59%
Roope Hintz Finlande
58%
Ryan Lindgren USA
58%
Mats Zuccarello Norvège
55%
Marco Rossi Autriche
51%
Elvis Merzlikins Lettonie
45%
Yegor Sharangovich Biélorussie
43%
Daniel Sprong Pays-Bas
29%
Aucun quiz correspondant
Distribution des résultats
% des personnes avec chaque résultat
Percentile par nombre de réponses
Votre historique - résultats
Vous n’avez pas pris ce quiz